Statistiques concernant Champions en Grand Chelem au XXIème siècle (simple homme)

Cliquez ici pour prendre le quiz!

Statistiques générales

  • Ce quiz a été pris 430 fois
    (340 depuis la dernière actualisation)
  • Le résultat moyen est 12 sur 20

Statistiques - réponses

# de titreJoueur% Correct
22Rafael Nadal (ESP)
100%
21Novak Djokovic (SRB)
99%
20Roger Federer (SUI)
99%
3Stanislas Wawrinka (SUI)
93%
3Andy Murray (GBR)
90%
1Daniil Medvedev (RUS)
79%
1Dominic Thiem (AUT)
74%
1Juan Martin del Potro (ARG)
69%
1Marin Čilić (CRO)
65%
2André Agassi (USA)
59%
1Pete Sampras (USA)
56%
1Andy Roddick (USA)
54%
2Lleyton Hewitt (AUS)
49%
1Juan Carlos Ferrero (ESP)
42%
1Marat Safin (RUS)
42%
1Gustavo Kuerten (BRA)
38%
1Gastón Gaudio (ARG)
26%
1Albert Costa (ESP)
18%
1Goran Ivanišević (CRO)
18%
1Thomas Johansson (SWE)
17%

Distribution des résultats

Percentile par nombre de réponses

% des personnes avec chaque résultat

Votre développement - résultats

Vous n’avez pas pris ce quiz depuis la dernière actualisation